Τα μαθηματικά σήμερα

Αποθηκεύτηκε σε:
Λεπτομέρειες βιβλιογραφικής εγγραφής
Κύριος συγγραφέας: Athen, Hermann
Άλλοι συγγραφείς: Griesel, Heinz, Postel, Helmut
Μορφή: Βιβλίο
Γλώσσα:Greek
German
Δημοσίευση: Αθήνα : Κτίστης, 1988.
Θέματα:
Ετικέτες: Προσθήκη ετικέτας
Δεν υπάρχουν, Καταχωρήστε ετικέτα πρώτοι!

MARC

LEADER 00000cam a2200000 i 4500
001 1/40502
008 950221m1988 gr | ||| |||| ||gre||
035 |a 1994  |c ΒΙΒΛΙΟΘΗΚΗ  |l 10041271 
040 |a GR-MY-UA  |b gre  |e aacr 
041 1 |a gre  |h ger 
082 0 |a 515 
100 1 |a Athen, Hermann. 
245 1 3 |a Τα μαθηματικά σήμερα /   |c Athen, Griesel, Postel ; μετάφραση Στέλιος Παπαπέτρου, Τζάνετ-Αλίκη Παπαπέτρου.  
260 |a Αθήνα :   |b Κτίστης,   |c 1988.  
300 |a 2 τ. ;   |c 25 εκ.  
505 0 |a Τ. 1. Εισαγωγή στην Ανάλυση 1 .- -τ. 2. Εισαγωγή στην Ανάλυση 2 
500 |a Τίτλος πρωτοτύπου: Mathematik Heute Materialien fur den Sekundarbereich 
650 0 0 |a Mathematical analysis. 
700 1 |a Griesel, Heinz. 
700 1 |a Postel, Helmut. 
740 0 2 |a Εισαγωγή στην Ανάλυση 1 
740 0 2 |a Εισαγωγή στην Ανάλυση 2 
852 |a INST  |b SAMOS  |e 19950221  |h 515 ATH  |p 005300006407  |q 005300006407  |t BK  |y 0  |z τ.2 
852 |a INST  |b SAMOS  |e 19950221  |h 515 ATH  |p 005300006408  |q 005300006408  |t BK  |y 0  |z τ.1 
852 |a INST  |b SAMOS  |e 19950221  |h 515 ATH  |p 005300006407  |q 005300006407  |t BK  |v τ.2:  |y 0  |z τ.2 
852 |a INST  |b SAMOS  |e 19950221  |h 515 ATH  |p 005300006408  |q 005300006408  |t BK  |v τ.1:  |y 0  |z τ.1 
853 |a INST  |b SAMOS  |h 515 ATH 
909 |a Σ  |b 035526 
909 |a Σ  |b 035527